Décimas jornadas chilenas de derecho público. 9 al 11 de octubre de 1979.

Guardat en:
Dades bibliogràfiques
Autor corporatiu: Universidad de Chile Facultad de Ciencias Jurídicas, Económicas y Sociales. Departamento de Ciencias Jurídicas, Valparaíso (autor)
Format: Llibre
Publicat: Valparaíso, Chile: EDEVAL, 1980.
Col·lecció:Colección Jornadas Académicas;
Matèries:
Etiquetes: Afegir etiqueta
Sense etiquetes, Sigues el primer a etiquetar aquest registre!

MARC

LEADER 00000nam a22000007a 4500
003 CL-VaPUC
005 20240807163631.0
008 220729t1980 ||||| |||| 00| 0 eng d
999 |c 437764  |d 437762 
040 |c Pontificia Universidad Católica de Valparaíso 
082 7 |a 342.83 UNI 1980  |2 22 
110 |a Universidad de Chile  |e autor  |9 866285  |b Facultad de Ciencias Jurídicas, Económicas y Sociales.   |b Departamento de Ciencias Jurídicas, Valparaíso.  
245 |a Décimas jornadas chilenas de derecho público.  |b 9 al 11 de octubre de 1979. 
260 |a Valparaíso, Chile:   |b EDEVAL,   |c 1980. 
300 |a 257 páginas. 
490 |a Colección Jornadas Académicas;  |n  2. 
500 |a c.1 Donación Familia Prof. Alejandro Guzmán Brito. 
505 |a Derecho Constitucional Consideraciones sobre los regímenes de emergencia en el Anteproyecto de Nueva Constitución/Mario Verdugo Marinkovic El Banco Central de Chile en el Anteproyecto de Nueva Constitución Política/Carlos Soya González Conflictos de jurisdicción y contiendas de competencia/Alex Varela Caballero Algunas breves consideraciones sobre los recursos procesales de garantías individuales y los regímenes de excepción en el Anteproyecto de Nueva Constitución Política del Estado: ¿Suspensión de la Constitución?/Eduardo Soto Kloss El equilibrio de los poderes y la independencia del Poder Judicial/Lautaro Ríos Álvarez Los regímenes de emergencia/Hernán Molina Guaita Consideraciones relativas a la integración de los órganos encargados del control de la constitucionalidad y de la calificación de los actos electorales/Sergio Carrasco Delgado Las garantías constituciones y sus restricciones en la Constitución Política de Chile como estaban al 10 de septiembre de 1973/Jaime Navarrete Barrueto Los medios de acción recíproca y el equilibrio de poderes en el marco de una nueva institucionalidad/Alejandro Silva Bascuñán Fiscalización parlamentaria de los actos del gobierno/José Luis Cea Egaña Derecho Administrativo Algunas cuestiones técnico-jurídicas relativas a la potestad reglamentaria presidencial en el marco de una Nueva Constitución/Guillermo Schiessler Quezada Bases para el control jurídico de la potestad reglamentaria autónoma contemplada en el Anteproyecto de la Nueva Constitución/Hugo Caldera Delgado Reflexiones sobre la potestad reglamentaria y su control jurídico en el Anteproyecto de Constitución Política del Estado/Manuel Daniel Argandoña Algunas consideraciones sobre la potestad normativa presidencial en el Anteproyecto de Nueva Constitución/Eduardo Soto Kloss Derecho Internacional Público Esquema para un análisis de los fundamentos de la intervención en Derecho Internacional/María Teresa Infante Algunas consideraciones sobre el principio de no intervención en América/Farouk Garfe Jarufe 
583 |c 20220729  |k Catalogador Asistente 
650 |a Derecho público  |x Congresos  |9 874963 
650 0 |a Derecho constitucional chileno  |9 478271 
942 |2 ddc  |c BK  |n 0 
952 |0 0  |1 0  |2 ddc  |4 0  |6 342_830000000000000_UNI_1980  |7 0  |8 A  |9 504754  |a BIBDER  |b BIBDER  |d 2020-01-23  |i 181690K  |o 342.83 UNI 1980  |p 181690K  |r 2023-01-25  |t 2  |w 2020-01-23  |y BK  |k DER 
952 |0 0  |1 0  |2 ddc  |4 0  |6 342_830000000000000_UNI_1980  |7 0  |8 C_AGB  |9 585565  |a BIBDER  |b BIBDER  |d 2022-07-29  |e Donación  |i 5653613  |o 342.83 UNI 1980  |p 5653613  |r 2023-01-25  |t 1  |w 2022-07-29  |y BK_US  |k AGB